[Event "41st Trusts Open A-Grade"]
[Site "Henderson, NZL NZL"]
[Date "2018.06.02"]
[Round "1.5"]
[White "Ang, Alphaeus Wei Ern"]
[Black "Forster, William"]
[Result "1-0"]
[WhiteElo "2356"]
[BlackElo "2045"]
[PlyCount "57"]
[EventDate "2018.??.??"]

1. d4 d5 2. c4 c6 3. Nc3 Nf6 4. Nf3 e6 5. e3 Nbd7 6. Qc2 Bd6 7. g4 $5 {
Diagram #I knew about the concept of this sort of thing in the Slav, but
sorely lacked specific knowledge and experience. Oh well, you just have to try
your best Isuppose} Nxg4 8. Rg1 Nxh2 9. Nxh2 Bxh2 10. Rxg7 Qf6 11. Rxh7 Nf8 12.
Rxh8 Qxh8 13. Bd2 Qh4 {Diagram #} 14. e4 $1 {
It seems opening the position further favours White} Bd7 ({
Oms Pallise (2415) - Flores Escuin (2170), Zaragoza 1998, 1-0 in 26 moves} 
14... dxe4 15. Nxe4 Bf4 16. Bg2 Bd7 17. O-O-O b6 18. Rh1 Bxd2+ 19. Qxd2 Qe7 20.
c5 Ng6 21. Rh7 Kd8 22. Nd6 Be8 23. Bxc6 Nf8 24. Rxf7 Bxf7 25. Bxa8 Bg6 26. Be4)
15. cxd5 exd5 16. exd5 cxd5 17. Be3 Ne6 18. O-O-O Rc8 19. Qb3 Bg1 $2 {
Losing the thread entirely} 20. Qxb7 Bxf2 21. Bxf2 Qxf2 22. Bb5 Qf4+ 23. Kb1 {
Diagram #White threatens Qxc8. It turns out I am quite lost here, and Alphaeus
wraps things upnicely} Qc7 24. Qxd5 Bxb5 25. Qxb5+ Qd7 26. d5 Qxb5 27. Nxb5 Rd8
28. Re1 a6 29. Nc3 1-0

[Event "41st Trusts Open A-Grade"]
[Site "Henderson"]
[Date "2018.06.03"]
[Round "3.15"]
[White "Mistry, Prashant"]
[Black "Forster, William"]
[Result "0-1"]
[WhiteElo "1944"]
[BlackElo "2045"]
[PlyCount "58"]
[EventDate "2018.??.??"]

1. d4 d5 2. c4 c6 3. Nc3 Nf6 4. e3 e6 5. Nf3 Nbd7 6. Qb3 Be7 7. Bd3 O-O 8. O-O
dxc4 9. Bxc4 b5 10. Bxe6 fxe6 11. Qxe6+ Kh8 12. Qxc6 Rb8 13. Ng5 Rb6 14. Qf3 h6
15. Nh3 b4 16. Na4 Ra6 17. b3 Nb6 18. Nf4 Qe8 19. Nxb6 Rxb6 20. Qd1 Ba6 21. Re1
Bd6 22. f3 Bxf4 23. exf4 Re6 24. Re5 Qd7 25. Bb2 Nd5 26. g3 {Diagram #} Nxf4 $1
27. gxf4 Rg6+ 28. Kf2 Qh3 29. Qh1 Qh4+ (29... Qh4+ 30. Ke3 Qxf4+ 31. Kf2 Qd2+
32. Re2 Qxe2#) 0-1

[Event "41st Trusts Open A-Grade"]
[Site "Henderson"]
[Date "2018.06.02"]
[Round "2.17"]
[White "Forster, William"]
[Black "Chung, Francisco"]
[Result "1/2-1/2"]
[WhiteElo "2045"]
[BlackElo "1944"]
[PlyCount "118"]
[EventDate "2018.??.??"]

1. Nf3 Nf6 2. c4 c5 3. g3 g6 4. Bg2 Bg7 5. O-O O-O 6. Nc3 Nc6 7. Rb1 d6 8. a3
Bf5 9. d3 Qd7 10. Re1 Bh3 11. Bh1 h6 12. b4 Ng4 13. Nd5 g5 14. Bb2 e6 15. Bxg7
Kxg7 16. Nc3 cxb4 17. axb4 f5 18. Qd2 Qe7 19. Qb2 Kg8 20. e3 Nce5 21. Qe2 f4
22. exf4 gxf4 23. d4 Nxf3+ 24. Bxf3 fxg3 25. hxg3 Rxf3 26. Qxf3 Rf8 27. Qe4
Rxf2 {Diagram #} 28. Qg6+ $2 ({I was planning} 28. Nd5 $1 {which is actually a
winning move, the idea is to bring the Knight to f4 to shore everything up and
even win the Bishop on h3. But at the last moment I saw the apparently
brilliant reply} exd5 $5 {and I get mated if I take the queen. It's a shame I
saw this as if we had gone down this route the winning counter queen sacrifice
becomes pretty obvious} 29. Qxg4+ $1 (29. Qxe7 $2 Rg2+ 30. Kh1 (30. Kf1 Nh2# {
is very pretty}) 30... Nf2#) 29... Bxg4 30. Rxe7 {
and White emerges with a winning ending}) 28... Qg7 $2 ({
As I waited for a reply I did worry about simply} 28... Kh8 {and I have no
checks. I turns out that the simple answer is that I am hopelessly lost,
Black's mating threats are still there but no I have no good counter eg} 29.
Re2 Qf8 {winning on f1}) 29. Qxg7+ Kxg7 30. Re2 {and the game continued} Rf3
31. Ne4 d5 32. cxd5 exd5 33. Nd2 Rxg3+ 34. Kh1 Rd3 35. Rc1 Nf6 36. Rc7+ Kg6 37.
Rxb7 Rxd4 38. Nf3 Rd1+ 39. Re1 Rxe1+ 40. Nxe1 a6 41. Ra7 Bf1 42. Nf3 Bb5 43.
Nd4 Bc4 44. Nc6 Kf5 45. Kg1 Ke4 46. Nb8 d4 47. Kf2 Nd5 48. Nxa6 d3 49. Nc5+ Kd4
50. Nxd3 Bxd3 51. Rd7 h5 52. Kg3 Bf5 53. Rb7 Kc4 54. Kh4 Bg4 55. Rg7 Ne3 56.
Rg5 Ng2+ 57. Kg3 Ne3 58. Kh4 Ng2+ 59. Kg3 Ne3 1/2-1/2

[Event "40th Trusts Open"]
[Site "Auckland"]
[Date "2017.06.03"]
[Round "2"]
[White "Picken, Oliver"]
[Black "Steadman, Mike"]
[Result "1-0"]
[WhiteElo "1882"]
[BlackElo "2309"]
[PlyCount "49"]
[EventDate "2017.??.??"]

1. e4 e6 2. Nf3 d5 3. e5 c5 4. b4 $5 {Big bad Mike likes sacrificing material
and running over the top of people himself, so this gambit could well be a
shrewd psychological approach.} cxb4 5. a3 Nc6 6. axb4 Bxb4 7. c3 Be7 8. d4 a6
9. Bd3 Rb8 10. h4 h5 11. Ng5 g6 12. Qf3 Bxg5 13. Bxg5 Nce7 14. Rh3 Qc7 15. Nd2
Bd7 16. c4 {Diagram #} dxc4 $2 {
Mike wants to activate his bishop, but pays too high a price.} 17. Nxc4 Bc6 18.
Qg3 Nf5 19. Bxf5 gxf5 20. Nd6+ Kf8 21. Qa3 $1 Ne7 22. Rg3 Rh7 23. Bf6 Rd8 24.
Rc1 Rd7 25. f4 {Diagram # A picturesque position. The threat of d5 and then
Nxf5 if e6xd5 is too strong, so} 1-0

[Event "8th Asian Seniors 50 Championships 2017"]
[Site "Auckland"]
[Date "2017.10.12"]
[Round "5.3"]
[White "McLaren, Leonard"]
[Black "Ismail, Ahmad"]
[Result "1-0"]
[WhiteElo "2221"]
[BlackElo "2026"]
[PlyCount "39"]
[EventDate "2017.??.??"]

1. e4 d5 2. exd5 Nf6 3. Be2 {To avoid the Portuguese Gambit 3. d4 Bg4} Qxd5 4.
Nc3 $2 {A rather dubious gambit} Qxg2 5. Bf3 Qg6 6. Nge2 Qf5 {
Fritz gives 6...Nc6 -1.32} 7. Bg2 e5 8. d4 Bd6 {Preparing to castle queenside
is safer as the h1-a8 diagonal is less dangerous for black than the g-file} 9.
Be3 {So white has the g-file and a slight lead in development for the pawn but
objectively it's not enough} Nc6 10. Qd2 Nxd4 11. Nxd4 exd4 12. Bxd4 O-O 13.
O-O-O Be6 (13... Bf4 {swapping off one of white's attacking pieces is better})
14. Kb1 Bb4 15. Rhg1 c5 $2 {Diagram #} (15... g6 {Fritz}) 16. Bh3 $1 Qxh3 (
16... cxd4 17. Bxf5 dxc3 18. Qg5 {wins}) 17. Rxg7+ Kh8 {Diagram #} (17... Kxg7
18. Qg5+) 18. Rg8+ $1 Rxg8 (18... Kxg8 19. Qg5+) 19. Bxf6+ Rg7 20. Qd8+ 1-0

[Event "Asuncion Il Presidente de la Republica"]
[Site "Asuncion, Paraguay"]
[Date "1985.11.02"]
[Round "4"]
[White "Van Riemsdijk, Herman"]
[Black "Campora, Daniel Hugo"]
[Result "1-0"]
[WhiteElo "2390"]
[BlackElo "2485"]
[PlyCount "54"]
[EventDate "1985.??.??"]

1. e4 e5 2. Nf3 Nc6 3. Bb5 a6 4. Ba4 Nf6 5. O-O Nxe4 {The Open Spanish is not
particularly popular at the top level these days but it is still one of the
great classical chess openings, and it will be played as long as people
continue to enjoy our game.} 6. d4 b5 7. Bb3 d5 {Diagram #} 8. Nc3 $1 {
The exclam is a tip of the hat to Herman. I don't think he'd claim it is
actually the strongest move in the position, but it has certainly served him
well as a pet sideline - 'The Van Riemsdijk Variation' has scored +16 =3 -3
for Herman in his own game collection, and scores well in the wider database
as well. I think this move is a very practical one to employ. Black can (of
course) hold the balance, but he has to play precisely in (presumably)
unfamiliar positions.} ({Tal - Korchnoi, Riga 1955, is one of many clashes
between all time greats we could use to illustrate more conventional play,
which starts with} 8. dxe5 {which is overwhelmingly the most popular move} Be6
9. c3 Be7 10. Nbd2 O-O 11. Qe2 Nxd2 12. Bxd2 Na5 13. Bc2 c5 14. Qd3 g6 15. Bh6
Re8 16. Qd2 Nc4 {Diagram # The clash of styles - Tal loves to give material to
pursue the attack, Korchnoi loves to grab that material and cling to it. This
was the first decisive game these chess giants played together and set the
tone for the rest - Korchnoi 'had the wood' on Tal.} 17. Qf4 Nxb2 18. Bg5 d4
19. cxd4 cxd4 20. Be4 Bd5 21. Bxd5 Qxd5 22. Bxe7 Rxe7 23. Qh4 Rae8 24. Ng5 h5 {
Diagram #White's attack flags, he grabs a little material back (or does
Korchnoi give it to him?) but Black's mighty 'd' pawn wins theday} 25. Ne4 Qxe5
26. Nf6+ Kg7 27. Nxe8+ Rxe8 28. f4 Qf6 29. Qf2 d3 30. Rfe1 Rd8 31. Qd2 Qd4+ 32.
Kf1 Nc4 33. Qd1 d2 {0-1 From Korchnoi's autobiography - "Ten years ago I drew
up the following circle: Tal beats Portisch, Portisch beats Keres, Keres beats
me, I beat Tal, Tal beats Portisch etc. ".}) 8... Nxc3 9. bxc3 e4 10. Ng5 {
Diagram #White's plan is clear, open lines and attack the King!} Be6 ({
White threatens Nxf7 so clearly} 10... h6 $4 {is a terrible error} 11. Nxf7
Kxf7 12. Qh5+ g6 13. Qxd5+ {and wins}) ({Herman points out that even} 10... Be7
$2 {doesn't defend at all} 11. Nxf7 Kxf7 12. Qh5+ Ke6 13. Re1 {
and Black is not going to make it}) ({The computer likes} 10... Bf5 {but it has
n't seen Van Riemsdijk (2350) - Hegeler (2240), Dieren 1989 in which Herman
pursued the same plan as the game and prevailed even faster} 11. f3 e3 12. f4
Be7 $2 (12... Na5) 13. Qf3 e2 14. Re1 Be6 15. Nxe6 fxe6 16. Qxe2 Qd7 17. Qxe6
O-O-O 18. Bxd5) 11. f3 e3 (11... exf3 {has been seen more often, Rocha (2419)
- Magnusson (2245), Dos Hermanas 2003 is another nice White win,} 12. Qxf3 Qd7
13. a4 b4 14. a5 Nd8 15. c4 c6 16. Nxe6 fxe6 17. cxd5 cxd5 18. Ba4 Nc6 19. Bxc6
Qxc6 20. Qf7+ Kd8 21. Bg5+ Kc8 22. c3 bxc3 23. Rab1 Rb8 {Diagram #} 24. Qxf8+
Rxf8 25. Rxf8+ Kd7 26. Rfxb8 c2 27. R1b7+ Kd6 28. Rd8+ Qd7 29. Rdxd7+ Kc6 30.
Rdc7+ {1-0}) 12. f4 $1 {The e pawn can be picked up later and White wants to
get the Queen into the game quickly} Ne7 13. Qf3 c6 14. Nxe6 fxe6 15. Qxe3 Qd7
16. f5 $1 {More line opening} exf5 17. a4 {You know it} Rc8 {
You know White is winning when the best the computer can come up with is} (
17... O-O-O {castling long just as the a-file is being opened}) 18. axb5 axb5
19. Ba3 $1 {The Bishop never wanted to capture on e3} Kf7 20. Bc5 Rc7 21. Qe5
$1 {Diagram #Dominating the position, menacing f5, and threatening yet another
line opening break, 22.g4} Rg8 {To counter g4 with g6} 22. Bd6 Rb7 23. Ra6 $1 {
Attacking and winning c6, which will in turn bring the Bishop on b3 to life,
which will win the game forWhite} g6 24. Bxe7 Bxe7 $2 (24... Qxe7 25. Rxc6 Qxe5
26. dxe5 {the d pawn falls and Black has to grovel into the corner, but this
is actually the best Black can do}) 25. Rxc6 {
Diagram #And Black's position collapses entirely} Rd8 26. Ra6 Kg8 27. Ra8 $1 {
Herman:The final blow!} Bf6 {Herman: Black resigned not waiting for} (27... Bf6
28. Rxd8+ Qxd8 (28... Bxd8 29. Bxd5+ Kf8 30. Bxb7 Qxb7 31. Qh8+) 29. Qxd5+ Qxd5
30. Bxd5+ Rf7 31. Rb1) 1-0